Konstrukce burzovních indexů pomocí modelu oceňování kapitálových aktiv. 2
Pokračovanie z č. 2/95. Príklad, ako môžeme pomocou predchádzajúcich postupov zistiť, ako vyzerá trhové portfolio a jednotlivé beta-koeficienty u jednotlivých druhov cenných papierov. Model kapitálových aktív v českej ekonomike. Trhové portfolio a burzové indexy.
Salvato in:
| Autore principale: | |
|---|---|
| Natura: | Capitolo di libro |
| Lingua: | ceco |
| Soggetti: | |
| Tags: |
Nessun Tag, puoi essere il primo ad aggiungerne!!
|
MARC
| LEADER | 00000naa a2200000 4500 | ||
|---|---|---|---|
| 001 | r017623 | ||
| 005 | 20220818110637.8 | ||
| 041 | 0 | |a cze | |
| 044 | |a CZ | ||
| 245 | 1 | 0 | |a Konstrukce burzovních indexů pomocí modelu oceňování kapitálových aktiv. 2 |c J. Brada |
| 520 | |a Pokračovanie z č. 2/95. Príklad, ako môžeme pomocou predchádzajúcich postupov zistiť, ako vyzerá trhové portfolio a jednotlivé beta-koeficienty u jednotlivých druhov cenných papierov. Model kapitálových aktív v českej ekonomike. Trhové portfolio a burzové indexy. | ||
| 610 | 2 | 0 | |a trh kapitálový |
| 610 | 2 | 0 | |a burzy |
| 610 | 2 | 0 | |a indexy |
| 610 | 2 | 0 | |a ceny burzové |
| 610 | 2 | 0 | |a aktíva |
| 610 | 2 | 0 | |a modely |
| 610 | 2 | 0 | |a papiere cenné |
| 610 | 2 | 0 | |a výnosy |
| 610 | 2 | 0 | |a portfólio |
| 610 | 2 | 0 | |a riziko |
| 610 | 2 | 0 | |a oceňovanie |
| 100 | 1 | |a Brada, J. | |